000 00302nam a22001337a 4500
008 170131b xxu||||| |||| 00| 0 eng d
020 _a9780323031943
041 _aeng
080 _22ND
_a618.2
100 _a2
101 _aINF
245 _aNANDA, NOC, AND NIC LINKAGES
_cJOHNSON, M
942 _2udc
_cBK
999 _c4141
_d4141